Análisis antropológico de las empresas familiares en la Argentina (Registro nro. 30241)
[ vista simple ]
| 000 -LEADER | |
|---|---|
| fixed length control field | 00342 a2200109 4500 |
| 001 - CONTROL NUMBER | |
| control field | ART_27808 |
| 005 - DATE AND TIME OF LATEST TRANSACTION | |
| control field | 20260410161949.0 |
| 008 - FIXED-LENGTH DATA ELEMENTS--GENERAL INFORMATION | |
| fixed length control field | 260409a |
| 100 1# - MAIN ENTRY--PERSONAL NAME | |
| Personal name | Quirós, Enrique G. |
| 245 10 - TITLE STATEMENT | |
| Title | Análisis antropológico de las empresas familiares en la Argentina |
| 773 0# - HOST ITEM ENTRY | |
| Title | Invenio |
| Related parts | - Año 1, Nº 2 (nov. 1998) |
| Record control number | REV27781 |
No hay ítems disponibles.